| 000 | 00539nam a22001697a 4500 | ||
|---|---|---|---|
| 003 | OSt | ||
| 005 | 20150408113954.0 | ||
| 008 | 111207t xxu||||| |||| 00| 0 eng d | ||
| 040 |
_amu _bara _cmb |
||
| 082 |
_221 _a004.21 |
||
| 100 |
_aبدر ، محمد ابراهيم محمد _97280 |
||
| 245 |
_aتقنية نظم المعلومات _cمحمد ابراهيم محمد بدر |
||
| 260 |
_aالرياض _bمكتبة الرشد _c200-؟ |
||
| 300 |
_a376 ص _c24 سم |
||
| 650 |
_aأنظمة المعلومات _97281 |
||
| 942 |
_2ddc _cBOOK |
||
| 999 |
_c19338 _d253838 |
||